Apekshikatabad (Record no. 9034)

MARC details
000 -LEADER
fixed length control field 00506cam a2200205ua 4500
001 - CONTROL NUMBER
control field 10043
005 - DATE AND TIME OF LATEST TRANSACTION
control field 20260515114546.0
008 - FIXED-LENGTH DATA ELEMENTS--GENERAL INFORMATION
fixed length control field 170323n ii |||gr||||Z||||||asm
040 ## - CATALOGING SOURCE
Transcribing agency MAIN
041 ## - LANGUAGE CODE
Language code of text/sound track or separate title asm
082 ## - DEWEY DECIMAL CLASSIFICATION NUMBER
Classification number 530.11
100 ## - MAIN ENTRY--PERSONAL NAME
Personal name Mahanta, Mrigendranarayan,
Relator term Author.
245 ## - TITLE STATEMENT
Title Apekshikatabad
Statement of responsibility, etc. By Mrigendranarayan Mahanta
250 ## - EDITION STATEMENT
Edition statement 2nd ed.
260 ## - PUBLICATION, DISTRIBUTION, ETC.
Place of publication, distribution, etc. Guwahati:
Name of publisher, distributor, etc. Publication board Assam,
Date of publication, distribution, etc. 1987.
300 ## - PHYSICAL DESCRIPTION
Extent 58p.
653 ## - INDEX TERM--UNCONTROLLED
Uncontrolled term Physics
653 ## - INDEX TERM--UNCONTROLLED
Uncontrolled term Popular science
942 ## - ADDED ENTRY ELEMENTS (KOHA)
Koha item type Books
Holdings
Withdrawn status Lost status Damaged status Not for loan Home library Current library Shelving location Date acquired Total checkouts Full call number Barcode Date last seen Copy number Price effective from Koha item type
        Naharkatiya College Library Naharkatiya College Library General stacks 09/19/2020   530.11oMAH 10570 09/19/2020 1 09/19/2020 Books